| 000 | 00545nam a2200181 4500 | ||
|---|---|---|---|
| 001 | 145181 | ||
| 003 | ES-MaACL | ||
| 005 | 20230906201159.0 | ||
| 007 | t| | ||
| 008 | 070214s1947 ag r ||||1| spa d | ||
| 100 | 1 |
_aSousa Ferraz, Joâo de. _9107581 |
|
| 245 | 1 | 0 |
_aPsicología humana / _cJoâo de Sousa Ferraz ; versión castellana de Margarita Martín. |
| 250 | _a3ª. ed. | ||
| 260 |
_aBuenos Aires : _bAmericalee, _c1947. |
||
| 300 |
_a303 p. ; _c21 cm. |
||
| 700 | 1 |
_aMartín, Margarita. _977348 |
|
| 852 |
_aES-MaACL _jC-4408 _bR.24223 |
||
| 999 |
_c145181 _d145181 |
||